| 000 | 00578nam a22001697a 4500 | ||
|---|---|---|---|
| 999 |
_c7977 _d7977 |
||
| 003 | GBCCL | ||
| 005 | 20241126110640.0 | ||
| 008 | 181122b ||||| |||| 00| 0 eng d | ||
| 040 | _cGBC | ||
| 082 |
_aARCH GBC-2008 _bCHI |
||
| 100 |
_aChinbiakmung _913922 |
||
| 245 |
_aA Study on the Role of Christian Family For Solution of Juvenile Delinquency in the Paite Community in Manipur | _cChinbiakmung |
||
| 260 |
_aNew Lamka: _bGrace Bible College, _c2008 |
||
| 300 |
_a61 p.; _c21 x 29 cm. |
||
| 650 |
_aJuvenile Delinquency _vRole of Family _xPaite _zManipur _913923 |
||
| 942 |
_2ddc _cTH |
||